[Event "College Final Four 2017"]
[Site "masterchessopen.com New York USA"]
[Date "2017.03.25"]
[Round "2.2"]
[White "Torres Rosas,L"]
[Black "Ali Marandi,C"]
[Result "1-0"]
[WhiteElo "2334"]
[BlackElo "2497"]
[EventType "team-tourn"]

1.d4 f5 2.c4 Nf6 3.Nc3 g6 4.h4 Bg7 5.h5 d6 6.hxg6 hxg6 7.Rxh8+ Bxh8 8.Nf3 e6
9.Bg5 Qd7 10.Qc2 b6 11.e4 Bb7 12.d5 e5 13.Nh4 f4 14.c5 bxc5 15.Bb5 c6 16.dxc6
Nxc6 17.Nd5 Nh7 18.Bh6 O-O-O 19.Nxg6 Bf6 20.Qa4 Kb8 21.O-O-O Qe8 22.Nf8 Nxf8
23.Nxf6 Qg6 24.Bxc6 Qxh6 25.Bxb7 f3+ 26.Kc2 Qxf6 27.Bd5 Rc8 28.Qa6 Kc7 29.Bb7
Rd8 30.Qc6+ Kb8 31.Ba6 Qe7 32.Rd3 c4 33.Rd5 {#r} 1-0

[Event "Budapest Spring Open 2017"]
[Site "masterchessopen.com Budapest HUN"]
[Date "2017.03.25"]
[Round "8.1"]
[White "Savchenko,B"]
[Black "Berkes,F"]
[Result "1-0"]
[WhiteElo "2613"]
[BlackElo "2648"]
[EventType "swiss"]

1.e4 c6 2.d4 d5 3.f3 g6 4.Nc3 Bg7 5.Be3 Qb6 6.Qd2 Qxb2 7.Rb1 Qa3 8.exd5 Nf6
9.dxc6 bxc6 10.Bd3 O-O 11.Rb3 Qa5 12.Nge2 Nbd7 13.O-O e5 14.Rfb1 exd4 15.Bxd4
Nc5 16.Rb4 Nxd3 17.cxd3 Bf5 18.Ra4 Qd8 19.Ne4 a5 20.Rc1 Re8 21.Qb2 Rb8 22.Qa1
Nxe4 23.dxe4 Bh6 24.Rd1 Qc7 25.Qc3 Rb5 26.Qd3 Bc8 27.Ba1 Qb6+ 28.Kh1 Qe3
29.Qc2 Bb7 30.Rad4 Bf8 31.Rd7 Bc8 32.R7d3 Qc5 33.Qd2 Qb4 34.Bc3 Qe7 35.Nd4 Rh5
36.Nxc6 Qc7 37.g4 Rc5 38.Nxa5 Bg7 39.Rd8 Bxc3 40.Rxe8+ Kg7 41.Qd8 Qf4 42.Rg8+
Kh6 43.Qh4+ Rh5 44.Qxh5+ gxh5 45.g5+ Qxg5 46.Rxg5 Kxg5 47.Rc1 {#r} 1-0

[Event "Budapest Spring Open 2017"]
[Site "masterchessopen.com Budapest HUN"]
[Date "2017.03.25"]
[Round "8.2"]
[White "Nabaty,T"]
[Black "Stupak,K"]
[Result "0-1"]
[WhiteElo "2649"]
[BlackElo "2561"]
[EventType "swiss"]

1.e4 e6 2.d4 d5 3.Nc3 Bb4 4.Qg4 Nf6 5.Qxg7 Rg8 6.Qh6 dxe4 7.Ne2 c5 8.dxc5 Bxc5
9.h3 Nbd7 10.Ng3 Rg6 11.Qf4 Nd5 12.Nxd5 exd5 13.Nf5 Qf6 14.c3 Nf8 15.Bb5+ Kd8
16.Nh6 Qxf4 17.Bxf4 Ne6 18.Bc1 f5 19.g4 f4 20.Nf5 Bd7 21.Bxd7 Kxd7 22.b4 Bd6
23.Bb2 Nc7 24.c4 Bxb4+ 25.Ke2 Rc6 26.Rac1 Rxc4 27.Rxc4 dxc4 28.Rd1+ Kc6 29.Rd4
f3+ 30.Kd1 b5 31.Rxe4 Bc5 32.Rf4 Rd8+ 33.Kc1 Rd3 34.Nd4+ Bxd4 35.Rxd4 Rxd4
36.Bxd4 a5 37.a4 bxa4 38.h4 Ne6 39.Be3 Kd5 40.Kb2 Ke4 41.h5 Nf4 42.Ka3 c3
43.h6 Nd3 44.g5 Kf5 {#R} 0-1

[Event "Budapest Spring Open 2017"]
[Site "masterchessopen.com Budapest HUN"]
[Date "2017.03.25"]
[Round "8.4"]
[White "Can,E"]
[Black "Onischuk,V"]
[Result "1-0"]
[WhiteElo "2561"]
[BlackElo "2601"]
[EventType "swiss"]

1.d4 Nf6 2.c4 g6 3.Nc3 Bg7 4.e4 O-O 5.Nf3 d6 6.Be2 c6 7.O-O Nbd7 8.Be3 e5 9.d5
c5 10.Bg5 h6 11.Bd2 Ne8 12.Qc1 Kh7 13.g3 Ndf6 14.Nh4 Bd7 15.a3 Ng8 16.b4 Ne7
17.Rb1 b6 18.Qc2 f5 19.exf5 Nxf5 20.Nxf5 gxf5 21.f3 Qf6 22.Nd1 h5 23.Nf2 Bh6
24.bxc5 Bxd2 25.Qxd2 dxc5 26.f4 e4 27.Bxh5 Qd4 28.Qc2 e3 29.Nh3 Nd6 30.Ng5+
Kh6 31.Be2 Rg8 32.Qb2 b5 33.cxb5 Qxb2 34.Rxb2 c4 35.a4 Rge8 36.Rc1 Rac8 37.Nf3
Rc5 38.Ne5 Bc8 39.Rbc2 Bb7 40.Bxc4 Nxc4 41.Rxc4 Rxd5 42.Rc7 Ba8 43.Re1 {#r}
1-0

[Event "Budapest Spring Open 2017"]
[Site "masterchessopen.com Budapest HUN"]
[Date "2017.03.25"]
[Round "8.5"]
[White "Livaic,Leon"]
[Black "Kovalev,Vl"]
[Result "0-1"]
[WhiteElo "2446"]
[BlackElo "2598"]
[EventType "swiss"]

1.d4 Nf6 2.c4 g6 3.Nc3 Bg7 4.e4 d6 5.Be2 O-O 6.Be3 e5 7.d5 Na6 8.g4 Nc5 9.Bf3
a5 10.h4 Bd7 11.g5 Ne8 12.h5 c6 13.Qd2 cxd5 14.Nxd5 Rc8 15.Kf1 f5 16.gxf6 Nxf6
17.Nxf6+ Qxf6 18.hxg6 hxg6 19.Rd1 Be6 20.b3 a4 21.Bxc5 dxc5 22.Qe3 axb3
23.axb3 Ra8 24.Kg2 g5 25.Rd2 g4 26.Bd1 Ra1 27.Rd3 Rd8 28.Bc2 Rd4 29.Qg3 Qf4
30.Rxd4 Qxg3+ 31.fxg3 cxd4 32.Bd3 Rd1 33.Be2 Rb1 {#R} 0-1

[Event "Budapest Spring Open 2017"]
[Site "masterchessopen.com Budapest HUN"]
[Date "2017.03.25"]
[Round "8.6"]
[White "Popovic,Du"]
[Black "Atabayev,Y"]
[Result "1-0"]
[WhiteElo "2515"]
[BlackElo "2470"]
[EventType "swiss"]

1.Nf3 Nf6 2.g3 d5 3.Bg2 e6 4.O-O Be7 5.d3 O-O 6.Nbd2 c5 7.e4 Nc6 8.Re1 b5 9.e5
Nd7 10.Nf1 a5 11.h4 b4 12.h5 h6 13.N1h2 Re8 14.Ng4 Bf8 15.Bf4 a4 16.a3 bxa3
17.bxa3 Rb8 18.Ra2 Qa5 19.Qc1 Nd4 20.Nxd4 cxd4 21.Nh2 Ba6 22.Bd2 Qc5 23.Nf3 f6
24.exf6 Nxf6 25.Bh3 Bc8 26.Bf4 Rb7 27.Be5 Nxh5 28.Bxd4 Qc7 29.c4 dxc4 30.Rc2
Qd8 31.Rxc4 Bd7 32.Ba1 Nf6 33.Ne5 Rb3 34.Nxd7 Qxd7 35.Bxf6 gxf6 36.Rc7 Qd5
37.Qf4 Qd6 38.Qg4+ Kh8 39.Rf7 Qxd3 40.Bf1 {#r} 1-0

[Event "Budapest Spring Open 2017"]
[Site "masterchessopen.com Budapest HUN"]
[Date "2017.03.25"]
[Round "8.7"]
[White "Golubov,Saveliy"]
[Black "Gadimbayli,Abdulla"]
[Result "1-0"]
[WhiteElo "2506"]
[BlackElo "2315"]
[EventType "swiss"]

1.d4 d5 2.Bf4 Nf6 3.e3 c5 4.c3 Nc6 5.Nd2 Qb6 6.Qb3 c4 7.Qc2 g6 8.Ngf3 Bf5
9.Qc1 Rc8 10.Be2 Bg7 11.O-O O-O 12.h3 Nd7 13.g4 Bd3 14.Bxd3 cxd3 15.Qb1 e5
16.dxe5 Bxe5 17.Bh6 Rfe8 18.Nb3 Bb8 19.Qxd3 Nde5 20.Nxe5 Nxe5 21.Qxd5 Rcd8
22.Qg2 Nd3 23.Nd4 Qxb2 24.Rab1 Qxc3 25.Rxb7 Nc5 26.Rbb1 Ne4 27.Rfc1 Qa3 28.Nc6
Nd2 29.Nxd8 Nxb1 30.Qc6 Qe7 31.Nxf7 Nd2 32.Ng5 Qe5 33.Nf3 Nxf3+ 34.Qxf3 g5
35.Rd1 Rc8 36.Qd5+ {#r} 1-0

[Event "Budapest Spring Open 2017"]
[Site "masterchessopen.com Budapest HUN"]
[Date "2017.03.25"]
[Round "8.8"]
[White "Fernandez,Dan SIN"]
[Black "Kovalenko,I"]
[Result "0-1"]
[WhiteElo "2481"]
[BlackElo "2672"]
[EventType "swiss"]

1.b3 a5 2.a4 e5 3.e3 d5 4.Bb2 Nd7 5.c4 Ngf6 6.Na3 Bd6 7.cxd5 Nxd5 8.Nc4 Qe7
9.Nxd6+ cxd6 10.d4 e4 11.Ne2 O-O 12.Nc3 Nxc3 13.Bxc3 d5 14.Qd2 Qd8 15.Bb2 Re8
16.Rc1 Re6 17.Ba3 Nb8 18.Rc3 Nc6 19.f4 exf3 20.gxf3 Qh4+ 21.Kd1 Rf6 22.Be2 Bh3
23.Qe1 Qh6 24.Qg3 Re8 25.Re1 Bc8 26.Bc1 Qh5 27.Rg1 Rg6 28.Qf2 Nb4 29.Rxg6 Qxg6
30.Bb5 Rf8 31.Qg3 Qb1 32.Qc7 Bf5 33.Ke1 Bc2 34.Kd2 Bxb3 35.Qxa5 Na2 36.Bd3 Qa1
37.Rc5 Bc4 38.Ba3 b6 {#R} 0-1

[Event "Budapest Spring Open 2017"]
[Site "masterchessopen.com Budapest HUN"]
[Date "2017.03.25"]
[Round "8.10"]
[White "Antipov,M2"]
[Black "Hoang Thanh Trang"]
[Result "1-0"]
[WhiteElo "2581"]
[BlackElo "2463"]
[EventType "swiss"]

1.e4 e6 2.d4 d5 3.Nd2 Be7 4.Ngf3 Nf6 5.e5 Nfd7 6.Bd3 c5 7.c3 b6 8.Nf1 Ba6
9.Ng3 Bxd3 10.Qxd3 Nc6 11.Bd2 Rc8 12.O-O O-O 13.Nh5 Na5 14.Rad1 Re8 15.h4 Bxh4
16.g3 Be7 17.Kg2 g6 18.Rh1 Nc4 19.Bc1 gxh5 20.b3 Ncxe5 21.dxe5 f5 22.Rxh5 Nf8
23.g4 fxg4 24.Ng5 Bxg5 25.Bxg5 Ng6 26.Rdh1 Rf8 27.Qxg6+ hxg6 28.Rh8+ Kf7
29.R1h7+ Ke8 30.Rxf8+ Kxf8 31.Rh8+ Kf7 32.Rxd8 {#r} 1-0

[Event "Budapest Spring Open 2017"]
[Site "masterchessopen.com Budapest HUN"]
[Date "2017.03.25"]
[Round "8.13"]
[White "Lizak,P"]
[Black "Boruchovsky,A"]
[Result "0-1"]
[WhiteElo "2453"]
[BlackElo "2542"]
[EventType "swiss"]

1.d4 Nf6 2.Nf3 d5 3.Bf4 g6 4.e3 Bg7 5.h3 O-O 6.Be2 c5 7.c3 Nc6 8.O-O Nd7
9.Nbd2 b6 10.Qb3 e6 11.Rad1 Re8 12.Qa4 Bb7 13.e4 cxd4 14.cxd4 Nxd4 15.Nxd4 Nc5
16.Qc2 Bxd4 17.Bb5 Qf6 18.Bxe8 Qxf4 19.Bb5 dxe4 20.Nc4 Nd3 21.Ne3 Bxe3 22.fxe3
Qxe3+ 23.Kh2 Rc8 24.Qb3 Bd5 25.Qa3 Rc2 26.Qxa7 Rxg2+ 27.Kxg2 Qg5+ 28.Kh2 Qe5+
29.Kg2 e3+ 30.Rf3 Nf4+ {#R} 0-1

[Event "Budapest Spring Open 2017"]
[Site "masterchessopen.com Budapest HUN"]
[Date "2017.03.25"]
[Round "8.14"]
[White "Boros,De"]
[Black "Sanal,V"]
[Result "0-1"]
[WhiteElo "2441"]
[BlackElo "2531"]
[EventType "swiss"]

1.d4 Nf6 2.c4 e6 3.Nc3 Bb4 4.Bg5 h6 5.Bh4 c5 6.d5 g5 7.Bg3 Ne4 8.Qc2 f5
9.O-O-O Bxc3 10.bxc3 Qf6 11.f3 Nxg3 12.hxg3 e5 13.e4 d6 14.exf5 Bxf5 15.Bd3
Bxd3 16.Qxd3 Kd8 17.Nh3 Nd7 18.Nf2 Kc7 19.Ne4 Qg7 20.g4 Nf6 21.Ng3 e4 22.Nxe4
Nxe4 23.fxe4 Rae8 24.Rde1 Rhf8 25.Rhf1 Rxf1 26.Rxf1 Qe5 27.Rf7+ Kb8 28.Qf3
Qxe4 29.Rf8 Kc7 30.Rxe8 Qxe8 31.Kb2 b5 32.Qd3 Kb6 33.Kc2 a6 34.Kd2 bxc4
35.Qxc4 Qb5 36.Qb3 Qxb3 37.axb3 Kb5 38.Ke3 a5 39.Ke4 c4 {#R} 0-1

[Event "Budapest Spring Open 2017"]
[Site "masterchessopen.com Budapest HUN"]
[Date "2017.03.25"]
[Round "8.18"]
[White "Kovalev,An"]
[Black "Bukal,V jr"]
[Result "1-0"]
[WhiteElo "2504"]
[BlackElo "2396"]
[EventType "swiss"]

1.e4 g6 2.d4 Bg7 3.Nf3 c6 4.h3 d6 5.Nc3 b5 6.Bd3 Nd7 7.O-O Bb7 8.Re1 e5 9.d5
a6 10.dxc6 Bxc6 11.Bf1 Qb8 12.a4 b4 13.Nd5 a5 14.Bb5 Bxb5 15.axb5 Ne7 16.c4
Nxd5 17.Qxd5 O-O 18.Be3 Nf6 19.Qd3 Rc8 20.b3 d5 21.cxd5 Rc3 22.Qb1 Nd7 23.b6
Nxb6 24.Rc1 Bf8 25.Rxc3 bxc3 26.Qc2 Bb4 27.Bxb6 Qxb6 28.Nxe5 Re8 29.Nc6 Qc5
30.Rd1 h5 31.h4 Kg7 32.g3 Rh8 33.e5 Rc8 34.e6 Qd6 35.e7 Qd7 36.Nxb4 axb4 37.d6
f6 38.Re1 Kf7 39.Qd3 c2 40.Qd5+ Kg7 41.Qd2 Rc6 42.Kh2 Rc8 43.Rc1 Kf7 44.Qh6
Qf5 45.Kg1 Ke6 46.Qf8 {#r} 1-0

[Event "Budapest Spring Open 2017"]
[Site "masterchessopen.com Budapest HUN"]
[Date "2017.03.25"]
[Round "8.19"]
[White "Kakabaev,Mergen"]
[Black "Kobo,Ori"]
[Result "1-0"]
[WhiteElo "2283"]
[BlackElo "2501"]
[EventType "swiss"]

1.e4 e6 2.d4 d5 3.e5 c5 4.c3 Nc6 5.Nf3 Qb6 6.a3 f6 7.exf6 Nxf6 8.b4 c4 9.Bf4
Be7 10.Nbd2 O-O 11.g3 Ng4 12.h3 e5 13.hxg4 exf4 14.Nxc4 Qc7 15.Qd3 g6 16.Nce5
Nxe5 17.Nxe5 Bd6 18.Nxg6 Re8+ 19.Kd2 Bxg4 20.Rh4 h5 21.Ne5 Bxe5 22.dxe5 Qxe5
23.Qg6+ Qg7 24.Qxg7+ Kxg7 25.gxf4 Rf8 26.f3 Bxf3 27.Bd3 Bg4 28.Rg1 Kf6 29.Be2
Bxe2 30.Kxe2 d4 31.cxd4 Rad8 32.Kd3 Rd5 33.Re1 Rfd8 34.Re4 a5 35.Kc3 axb4+
36.axb4 b5 37.Kd3 R8d7 38.Ke3 Rd8 39.Rh1 R8d6 40.Rd1 h4 41.Re5 h3 42.Ke4 {#r}
1-0

[Event "Budapest Spring Open 2017"]
[Site "masterchessopen.com Budapest HUN"]
[Date "2017.03.25"]
[Round "8.23"]
[White "Esserman,M"]
[Black "Kakageldyev,A"]
[Result "0-1"]
[WhiteElo "2467"]
[BlackElo "2379"]
[EventType "swiss"]

1.e4 g6 2.d4 Bg7 3.c4 d6 4.Nc3 Nf6 5.Nf3 O-O 6.Be2 e5 7.O-O Nc6 8.d5 Ne7 9.Ne1
Nd7 10.Be3 f5 11.f3 f4 12.Bf2 g5 13.Rc1 h5 14.b4 Nf6 15.c5 Bd7 16.Bb5 Rf7
17.Bxd7 Qxd7 18.Qa4 Qd8 19.cxd6 cxd6 20.Nb5 Ng6 21.Qa5 b6 22.Qa6 g4 23.Kh1 g3
24.Bg1 gxh2 25.Bf2 Bf8 26.a4 h4 27.a5 Nh5 28.Rc6 Ng3+ 29.Bxg3 fxg3 30.Nc3 bxa5
31.Qxa5 Qxa5 32.bxa5 Nf4 33.Nb5 Rb8 {#R} 0-1

[Event "Budapest Spring Open 2017"]
[Site "masterchessopen.com Budapest HUN"]
[Date "2017.03.25"]
[Round "8.24"]
[White "Chekletsov,Ilya"]
[Black "Annaberdiev,M"]
[Result "1-0"]
[WhiteElo "2391"]
[BlackElo "2445"]
[EventType "swiss"]

1.d4 Nf6 2.c4 c5 3.d5 b5 4.cxb5 a6 5.b6 d6 6.Nc3 Nbd7 7.a4 Qxb6 8.a5 Qa7 9.e4
g6 10.f4 Bg7 11.Bc4 O-O 12.Nf3 Rb8 13.O-O Ne8 14.Qd3 Nc7 15.Kh1 Nb5 16.Bd2 Nd4
17.Na4 Nxf3 18.Rxf3 Nf6 19.Re1 Ne8 20.Bc3 Bxc3 21.bxc3 Nc7 22.Nb6 Na8 23.Nxc8
Rfxc8 24.e5 Rf8 25.f5 dxe5 26.d6 Kh8 27.dxe7 Qxe7 28.f6 Qe8 29.Qe3 Rg8 30.Rh3
Qf8 31.Qg5 e4 32.Qh4 h5 33.Qxh5+ {#r} 1-0

[Event "Budapest Spring Open 2017"]
[Site "masterchessopen.com Budapest HUN"]
[Date "2017.03.25"]
[Round "8.25"]
[White "Horvath,Dav"]
[Black "Battaglini,G"]
[Result "1-0"]
[WhiteElo "2375"]
[BlackElo "2440"]
[EventType "swiss"]

1.Nf3 g6 2.g3 Bg7 3.Bg2 e5 4.d3 d5 5.O-O Ne7 6.c4 O-O 7.cxd5 Nxd5 8.Bg5 f6
9.Bd2 Be6 10.Nc3 Nxc3 11.Bxc3 Nc6 12.Qa4 Qd7 13.Rfc1 Rab8 14.Bd2 Rfd8 15.Be3
a6 16.Nd2 Bd5 17.Bxd5+ Qxd5 18.Rc5 Qe6 19.Rac1 Bf8 20.Rxc6 bxc6 21.Rxc6 Rd6
22.Rxc7 Rxb2 23.Ne4 Rd8 24.Qc4 {#r} 1-0

[Event "Budapest Spring Open 2017"]
[Site "masterchessopen.com Budapest HUN"]
[Date "2017.03.25"]
[Round "8.26"]
[White "Bellia,F"]
[Black "Orosz,Andras"]
[Result "1-0"]
[WhiteElo "2439"]
[BlackElo "2325"]
[EventType "swiss"]

1.e4 e6 2.d4 d5 3.Nd2 Be7 4.Bd3 c5 5.dxc5 Nf6 6.Qe2 O-O 7.Ngf3 a5 8.O-O Na6
9.e5 Nd7 10.c4 Naxc5 11.Bc2 b6 12.Nd4 Bb7 13.cxd5 Bxd5 14.Nb1 Bb7 15.Rd1 Qc7
16.Bf4 Ba6 17.Qe3 Rfd8 18.Nc3 Nf8 19.Rac1 Rac8 20.a3 Bb7 21.Ncb5 Qb8 22.Nd6
Bxd6 23.exd6 Ncd7 24.Nb5 Rc5 25.Nc7 Rc8 26.b4 axb4 27.axb4 Rc6 28.h4 Qa7
29.Ra1 Qxa1 30.Bxh7+ Nxh7 31.Rxa1 Rc4 32.Ra7 e5 33.Bg3 Be4 34.f3 Bf5 35.Bxe5
Rxb4 36.Nd5 {#r} 1-0

[Event "Budapest Spring Open 2017"]
[Site "masterchessopen.com Budapest HUN"]
[Date "2017.03.25"]
[Round "8.27"]
[White "Asadli,Vugar"]
[Black "Martynov,Roman"]
[Result "1-0"]
[WhiteElo "2427"]
[BlackElo "2288"]
[EventType "swiss"]

1.Nf3 Nf6 2.g3 d5 3.Bg2 c6 4.c4 e6 5.b3 Be7 6.Bb2 O-O 7.O-O b6 8.e3 Bb7 9.Qe2
Nbd7 10.Rd1 Rc8 11.Nc3 Qc7 12.Rac1 Qb8 13.d4 Rfd8 14.Bh3 Qa8 15.Nd2 dxc4
16.bxc4 c5 17.d5 exd5 18.cxd5 Bxd5 19.Nxd5 Qxd5 20.Nc4 Qc6 21.e4 Rc7 22.e5 Ne8
23.e6 fxe6 24.Bg2 Qb5 25.Qxe6+ {#r} 1-0

[Event "Budapest Spring Open 2017"]
[Site "masterchessopen.com Budapest HUN"]
[Date "2017.03.25"]
[Round "8.29"]
[White "Kirszenberg,M"]
[Black "Atabayew,S"]
[Result "0-1"]
[WhiteElo "2180"]
[BlackElo "2415"]
[EventType "swiss"]

1.d4 Nf6 2.c4 e6 3.Nc3 Bb4 4.f3 d5 5.a3 Bxc3+ 6.bxc3 O-O 7.cxd5 exd5 8.e3 b6
9.Bd3 Ba6 10.Ne2 Re8 11.O-O Qc8 12.Ng3 c5 13.Ra2 Bxd3 14.Qxd3 Qa6 15.Qxa6 Nxa6
16.Re2 Rac8 17.e4 Nc7 18.Bg5 Nd7 19.Nf5 f6 20.Bf4 Nb5 21.a4 Nxc3 22.Rc2 cxd4
23.Nd6 dxe4 24.fxe4 Nc5 25.Nxc8 Rxc8 26.e5 Nd3 27.exf6 Nxf4 28.f7+ Kf8 29.Rxf4
d3 30.Rd2 Ne2+ 31.Rxe2 dxe2 32.Kf2 Rc2 33.Ke1 a5 34.h4 h5 35.g3 Rc3 36.Kxe2
Rxg3 37.Kf2 Rg4 38.Rxg4 hxg4 39.Kg3 Kxf7 40.Kxg4 Ke6 41.Kg5 b5 42.axb5 a4
43.b6 Kd6 44.Kg6 a3 45.b7 Kc7 46.Kxg7 a2 47.h5 a1=Q+ 48.Kh7 Kxb7 49.h6 Qf6
{#R} 0-1

[Event "Budapest Spring Open 2017"]
[Site "masterchessopen.com Budapest HUN"]
[Date "2017.03.25"]
[Round "8.30"]
[White "Magen,Daniel"]
[Black "Manea,Al"]
[Result "0-1"]
[WhiteElo "2144"]
[BlackElo "2404"]
[EventType "swiss"]

1.e4 g6 2.d4 Bg7 3.Be3 d6 4.Nc3 Nc6 5.Qd2 e5 6.d5 Nce7 7.f3 f5 8.g3 h6 9.h4
Nf6 10.Nh3 fxe4 11.fxe4 Ng4 12.Bg1 Ng8 13.Bb5+ Bd7 14.Qe2 N8f6 15.O-O-O O-O
16.Bxd7 Qxd7 17.Bf2 a6 18.Be1 Rf7 19.Rf1 Raf8 20.Rd3 Qc8 21.Rdf3 Qa8 22.Ng5
hxg5 23.hxg5 Qc8 24.gxf6 Rxf6 25.Rxf6 Rxf6 26.Rh1 Rf7 27.Rh4 Nf6 28.Bd2 Nh5
29.Rg4 Rf2 30.Qxf2 Qxg4 31.Be1 Nf6 32.Qg2 Bh6+ 33.Bd2 Bf4 34.Bxf4 exf4 35.Kd2
fxg3 36.Ke3 Qg5+ 37.Kf3 Qg4+ 38.Ke3 Qg5+ 39.Kf3 Nh5 40.Ne2 Qf6+ 41.Ke3 Qxb2
42.Qh3 Qa3+ 43.c3 Qc5+ 44.Kd2 Kh7 45.Qd7+ Kh6 46.Nd4 Qc4 47.Qd8 Qf1 48.Qh8+
Kg5 49.Qd8+ Qf6 {#R} 0-1

[Event "Budapest Spring Open 2017"]
[Site "masterchessopen.com Budapest HUN"]
[Date "2017.03.25"]
[Round "8.34"]
[White "Horton,Andrew P"]
[Black "Tica,Sven"]
[Result "1-0"]
[WhiteElo "2295"]
[BlackElo "2379"]
[EventType "swiss"]

1.Nf3 d5 2.c4 e6 3.g3 Nf6 4.Bg2 Be7 5.O-O O-O 6.b3 c5 7.Bb2 Nc6 8.e3 dxc4
9.bxc4 Qc7 10.Qe2 b6 11.Nc3 a6 12.d4 cxd4 13.exd4 Na5 14.Ne5 Bb7 15.d5 Bd6
16.f4 Qc5+ 17.Kh1 exd5 18.cxd5 Nxd5 19.Nxd5 Bxd5 20.Nd7 Qc4 21.Qg4 Bxg2+
22.Kxg2 f6 23.Nxf6+ Rxf6 24.Bxf6 Bf8 25.Be5 Rd8 26.Rad1 Rxd1 27.Rxd1 Nc6
28.Kh3 Ne7 29.f5 Qxa2 30.f6 Ng6 31.fxg7 Bxg7 32.Rd8+ Bf8 33.Bd6 {#r} 1-0

[Event "Budapest Spring Open 2017"]
[Site "masterchessopen.com Budapest HUN"]
[Date "2017.03.25"]
[Round "8.35"]
[White "Secheres,Ad"]
[Black "Kumsiashvili,N"]
[Result "0-1"]
[WhiteElo "2284"]
[BlackElo "2383"]
[EventType "swiss"]

1.d4 Nf6 2.Bf4 d5 3.Nf3 c5 4.e3 Nc6 5.c3 cxd4 6.exd4 Bg4 7.Nbd2 e6 8.Qb3 Qc8
9.h3 Bh5 10.g4 Bg6 11.Nh4 Be7 12.Nxg6 hxg6 13.Bg2 Qd7 14.Nf3 Bd6 15.Ne5 Qc7
16.Nxg6 fxg6 17.Bxd6 Qxd6 18.Qxb7 O-O 19.Qa6 Rab8 20.Qe2 e5 21.dxe5 Qxe5
22.Qxe5 Nxe5 23.O-O-O Ne4 24.Rhe1 Rxf2 25.Rxd5 Rxg2 26.Rxe5 Nf2 27.R5e3 Rh2
28.R1e2 Nd3+ 29.Kc2 Rxe2+ 30.Rxe2 Nxb2 31.Re7 Na4 32.Rxa7 Rb2+ 33.Kd3 Rxa2
34.Ra8+ Kh7 35.Rc8 Rh2 36.c4 Rxh3+ 37.Ke4 Rg3 38.Kf4 Rc3 39.Kg5 Nb6 40.Rc6
Nxc4 41.Rxg6 Ne5 {#R} 0-1

[Event "Budapest Spring Open 2017"]
[Site "masterchessopen.com Budapest HUN"]
[Date "2017.03.25"]
[Round "8.36"]
[White "Bakalchuk,Johnatan"]
[Black "Esenov,An"]
[Result "1-0"]
[WhiteElo "2382"]
[BlackElo "2291"]
[EventType "swiss"]

1.e4 c5 2.Nf3 d6 3.d4 cxd4 4.Nxd4 Nf6 5.Nc3 a6 6.Be2 e6 7.O-O Be7 8.f4 Qc7
9.Kh1 O-O 10.Qe1 Nc6 11.Be3 Nxd4 12.Bxd4 e5 13.fxe5 dxe5 14.Qg3 Nd7 15.Nd5 Qd8
16.Bxe5 Nxe5 17.Qxe5 Bd6 18.Qh5 Be6 19.Rad1 Kh8 20.e5 g6 21.Qh6 Bxe5 22.Nf6
Qxf6 23.Rxf6 Bxf6 24.b3 b5 25.c4 bxc4 26.Qf4 Bg7 27.Bxc4 a5 28.Bxe6 fxe6
29.Qe4 Rad8 30.Rxd8 Rxd8 31.h4 e5 32.Kh2 Bf6 33.Qc6 Rf8 34.Qd5 Rd8 35.Qxa5 e4
36.Qc5 Kg7 37.Qc7+ Kf8 38.Qf4 Kg7 39.Qxe4 h5 40.Qe3 Bxh4 41.a4 Rd5 42.Qe4 {#r}
1-0

[Event "Budapest Spring Open 2017"]
[Site "masterchessopen.com Budapest HUN"]
[Date "2017.03.25"]
[Round "8.38"]
[White "Erenberg,Ariel"]
[Black "Baasansuren,Erdene"]
[Result "1-0"]
[WhiteElo "2366"]
[BlackElo "2221"]
[EventType "swiss"]

1.d4 Nf6 2.c4 g6 3.Nc3 Bg7 4.e4 d6 5.Nf3 O-O 6.Be2 e5 7.O-O Nc6 8.d5 Ne7 9.b4
Ne8 10.c5 f5 11.Ng5 h6 12.Ne6 Bxe6 13.dxe6 fxe4 14.cxd6 Nxd6 15.Be3 Nef5
16.Bc5 Re8 17.Bxd6 Nxd6 18.Qb3 Kh7 19.Rfd1 e3 20.fxe3 Qg5 21.Nd5 Nf5 22.Nxc7
Nxe3 23.Bf1 Rf8 24.g3 Nxd1 25.Rxd1 e4 26.Nxa8 Rxa8 27.Rd7 Qc1 28.e7 Qc6
29.e8=Q Rxe8 30.Qf7 Rg8 31.Bc4 Qc8 32.Rxb7 Kh8 33.Qxg8+ Qxg8 34.Bxg8 Kxg8
35.Re7 e3 36.Kf1 {#r} 1-0

[Event "Budapest Spring Open 2017"]
[Site "masterchessopen.com Budapest HUN"]
[Date "2017.03.25"]
[Round "8.39"]
[White "Gara,A"]
[Black "Geiger,Alex-Emanuel"]
[Result "1-0"]
[WhiteElo "2355"]
[BlackElo "2120"]
[EventType "swiss"]

1.e4 d5 2.exd5 Qxd5 3.Nc3 Qd6 4.d4 c6 5.Nf3 Bg4 6.Be3 Nd7 7.h3 Bh5 8.Be2 Ngf6
9.Qd2 e6 10.O-O Qc7 11.Bf4 Bd6 12.Bxd6 Qxd6 13.Rad1 O-O 14.Rfe1 a5 15.Qe3 Nd5
16.Nxd5 cxd5 17.Bb5 Rfd8 18.c3 Bxf3 19.Qxf3 a4 20.a3 Qb6 21.Qe2 Ra5 22.Bd3 Qc6
23.Qh5 Nf6 24.Qh4 Qc7 25.Re5 h6 26.Rde1 Raa8 27.f4 Qb6 28.R1e2 Re8 29.g4 Ne4
30.g5 f6 31.gxf6 Nxf6 32.Rg2 Kf8 33.Qg3 Qc7 34.Rge2 Qd7 35.Qe1 Kf7 36.f5 exf5
37.Bxf5 Qc6 38.Qg3 Kf8 39.Be6 Re7 40.Qf3 Rae8 41.Bxd5 Qb5 42.c4 Qb6 43.Qf2 Qb3
44.Kg2 b5 45.Bc6 {#r} 1-0

[Event "Baltic Zonal Vilnius 2017"]
[Site "masterchessopen.com Vilnius LTU"]
[Date "2017.03.25"]
[Round "6.4"]
[White "Klabis,R"]
[Black "Meskovs,N"]
[Result "1-0"]
[WhiteElo "2252"]
[BlackElo "2490"]

1.e4 Nf6 2.e5 Nd5 3.d4 d6 4.exd6 exd6 5.Be2 Be7 6.Bf3 Nb6 7.Ne2 Nc6 8.a4 a5
9.O-O O-O 10.c3 Bf5 11.Na3 Re8 12.Nc2 Bg5 13.Ne3 Be4 14.Bxe4 Rxe4 15.Ng3 Re8
16.f4 Bf6 17.Nh5 d5 18.Qg4 Kh8 19.Rf3 Re4 20.Rh3 g6 21.Ng3 Re7 22.f5 Qg8
23.Bd2 Rae8 24.Rf1 Qg7 25.Qf3 Nxd4 26.cxd4 Rxe3 27.Bxe3 Rxe3 28.Qf4 Re7 29.Kh1
g5 30.Qg4 Nd7 31.Nh5 Qg8 32.Rb3 b6 33.Rd3 Re4 34.Qg3 Bxd4 35.Qxc7 Qe8 36.Rxd4
Rxd4 37.Qc3 Qe5 38.Qc8+ {#r} 1-0

[Event "Baltic Zonal Vilnius 2017"]
[Site "masterchessopen.com Vilnius LTU"]
[Date "2017.03.25"]
[Round "6.11"]
[White "Shishkov,A"]
[Black "Chocenka,D"]
[Result "0-1"]
[WhiteElo "2385"]
[BlackElo "2216"]

1.d4 Nf6 2.c4 g6 3.Nc3 Bg7 4.e4 d6 5.f3 O-O 6.Be3 Nc6 7.Nge2 a6 8.Qd2 Re8
9.Rc1 Bd7 10.b3 Rb8 11.d5 Ne5 12.h3 b5 13.cxb5 axb5 14.Nd4 b4 15.Ncb5 Rb7
16.Be2 e6 17.Qc2 Qb8 18.f4 exd5 19.fxe5 dxe5 20.Nc6 Bxc6 21.Qxc6 Re6 22.Qc2 c6
23.Na7 Rxa7 24.Bxa7 Qxa7 25.exd5 Nxd5 26.Bc4 Qe3+ 27.Be2 Qg3+ {#R} 0-1

[Event "Baltic Zonal Vilnius 2017"]
[Site "masterchessopen.com Vilnius LTU"]
[Date "2017.03.25"]
[Round "6.12"]
[White "Jezov,Roman"]
[Black "Sveshnikov,V"]
[Result "0-1"]
[WhiteElo "2298"]
[BlackElo "2416"]

1.e4 Nf6 2.d3 e5 3.Nf3 Nc6 4.g3 d5 5.exd5 Nxd5 6.Bg2 Be7 7.O-O O-O 8.Re1 Bf6
9.Nbd2 Re8 10.Ne4 Bf5 11.Nxf6+ Qxf6 12.Bg5 Qd6 13.Nd2 h6 14.Nc4 Qd7 15.Ne3 Be6
16.Nxd5 Bxd5 17.Be3 Bxg2 18.Kxg2 f5 19.c3 Rad8 20.Qa4 f4 21.Qc4+ Kh8 22.gxf4
Qg4+ 23.Kf1 Rf8 24.f5 Qxf5 25.Rad1 Qh5 26.Kg2 Rd6 27.Qe4 Rg6+ 28.Kf1 Rg4
29.Qd5 Rh4 30.Re2 Rxh2 31.Ke1 Rd8 32.Qb5 a6 33.Qc4 Rh4 34.d4 exd4 35.Bxd4 Ne5
36.Rxe5 Rh1+ 37.Kd2 Qxd1+ 38.Ke3 Rh3+ {#R} 0-1